Casebook 1 : Faculty emloyment policies
Casebook I: Faculty Employment Policies presents six cases that were developed by the Project on Faculty Appointments at the Harvard Graduate School of Education and designed to be used in a variety of instructional settings in order to explore and analyze efforts to bring about institutional change...
Shranjeno v:
| Glavni avtor: | |
|---|---|
| Format: | Knjiga |
| Jezik: | Undetermined |
| Izdano: |
San francisco
Jossey Bass
2002
|
| Teme: | |
| Oznake: |
Označite
Brez oznak, prvi označite!
|
| Thư viện lưu trữ: | Trung tâm Học liệu Trường Đại học Cần Thơ |
|---|
| LEADER | 01330nam a2200229Ia 4500 | ||
|---|---|---|---|
| 001 | CTU_108604 | ||
| 008 | 210402s9999 xx 000 0 und d | ||
| 082 | |a 378.122 | ||
| 082 | |b H769 | ||
| 100 | |a Honan, James P. | ||
| 245 | 0 | |a Casebook 1 : | |
| 245 | 0 | |b Faculty emloyment policies | |
| 245 | 0 | |c James P. Honan | |
| 260 | |a San francisco | ||
| 260 | |b Jossey Bass | ||
| 260 | |c 2002 | ||
| 520 | |a Casebook I: Faculty Employment Policies presents six cases that were developed by the Project on Faculty Appointments at the Harvard Graduate School of Education and designed to be used in a variety of instructional settings in order to explore and analyze efforts to bring about institutional change. Each case study highlights a particular challenge regarding faculty employment and illustrates these challenges using situations from actual institutions of higher education. The cases provide a wealth of background information and are filled with real-life details. In addition, the cases are comprehensive in scope and reflect the complexity of administrative decision making as experienced by academic leaders. | ||
| 650 | |a College teachers,College teaching | ||
| 650 | |x Tenure,Evaluation | ||
| 650 | |z United states,United states | ||
| 904 | |i Tuyến | ||
| 980 | |a Trung tâm Học liệu Trường Đại học Cần Thơ | ||